000 00779cab a2200229 4500
001 WB3505-22
008 090401t1999 xxu||||| |||| 00| 0 eng d
035 _a(Sirsi) u91053
041 _aeng
245 _aRented property
260 _c1999
350 _a0
490 _aFinancial Times Quarterly Review of Personal Finance
_v30 January 1999, 20-21(2)
520 _aThe latest University of York Index of Private Rents and Yields shows that rents for residential properties continued to rise during 1998. The exception was London which showed a drop of 2.9% on the previous year. Table.
650 _aLONDON
650 _aPRIVATE RENTED SECTOR
650 _aRENTAL LEVELS
650 _aRESIDENTIAL RENTS
690 _aHOUSING
942 _n0
948 _c02/02/1999
999 _c57772
_d57772